| 000 -LEADER | |
|---|---|
| fixed length control field | 00456nam a22001697a 4500 |
| 005 - DATE AND TIME OF LATEST TRANSACTION | |
| control field | 20230117123855.0 |
| 008 - FIXED-LENGTH DATA ELEMENTS--GENERAL INFORMATION | |
| fixed length control field | 220226b ||||| |||| 00| 0 eng d |
| 020 ## - INTERNATIONAL STANDARD BOOK NUMBER | |
| ISBN | 978-93-85529-06-1 |
| 041 ## - LANGUAGE CODE | |
| Language code of text/sound track or separate title | eng |
| 082 ## - DEWEY DECIMAL CLASSIFICATION NUMBER | |
| Classification number | 615.1 |
| Item number | GUP-G |
| 100 ## - MAIN ENTRY--AUTHOR NAME | |
| Personal name | GUPTA, B.K AND GUPTA, R.N |
| 245 ## - TITLE STATEMENT | |
| Title | GOOD PHARMACY PRACTICES IN HOSPITAL PHARMACY |
| 260 ## - PUBLICATION, DISTRIBUTION, ETC. (IMPRINT) | |
| Place of publication | DELHI |
| Name of publisher | VALLABH PRAKASHAN |
| Year of publication | 2021 |
| 300 ## - PHYSICAL DESCRIPTION | |
| Number of Pages | 152;p |
| 650 ## - SUBJECT ADDED ENTRY--TOPICAL TERM | |
| Topical Term | PHARMACY |
| General subdivision | D.PHARMA |
| 942 ## - ADDED ENTRY ELEMENTS (KOHA) | |
| Koha item type | Books |
| Lost status | Damaged status | Collection code | Home library | Current library | Shelving location | Date acquired | Source of acquisition | Cost, normal purchase price | Full call number | Accession Number | Koha item type |
|---|---|---|---|---|---|---|---|---|---|---|---|
| Reference | JRU Library | JRU Library | SHELF-4-C | 26/02/2022 | PURCHASE | 150.00 | 615.1 | 26763 | Books | ||
| PHARMACY | JRU Library | JRU Library | Shelf - 27- F | 26/02/2022 | PURCHASE | 150.00 | 615.1 | 26764 | Books | ||
| PHARMACY | JRU Library | JRU Library | Shelf - 27- F | 26/02/2022 | PURCHASE | 150.00 | 615.1 | 26765 | Books | ||
| PHARMACY | JRU Library | JRU Library | Shelf - 27- F | 26/02/2022 | PURCHASE | 150.00 | 615.1 | 26766 | Books | ||
| PHARMACY | JRU Library | JRU Library | Shelf - 27- F | 26/02/2022 | PURCHASE | 150.00 | 615.1 | 26767 | Books |